| 000 | 01850nam a2200481 a 4500 | ||
|---|---|---|---|
| 001 | 000016856 | ||
| 003 | DO-SdBNP | ||
| 005 | 20170922123252.0 | ||
| 007 | 000016856 | ||
| 008 | 100311s2010 dr 001 0 spa d | ||
| 020 | _a9789993431329 | ||
| 040 |
_aBPMSU _bspa _cBPMSU |
||
| 082 | 0 | 4 |
_a174.957 _bH831zg |
| 100 | 1 | _aGutiérrez Laboy, Roberto | |
| 245 | 1 | 0 |
_aEugenio María de Hostos : _bprecursor de la bioética en América Latina / _cRoberto Gutiérrez Laboy ; prólogo Leonides Santos y Vargas. |
| 260 |
_aSanto Domingo : _bBNPHU, _c2010. |
||
| 300 |
_a209p. _c23 cm. |
||
| 490 | 1 | _aFilosofía | |
| 500 | _aIncluye referencias bibliográficas y notas al pie de las páginas | ||
| 500 | _aIncluye índice onomástico | ||
| 500 | _aIncluye datos biográficos del autor en la solapa de cubierta | ||
| 504 | _aBibliografía : p. 187-197 | ||
| 600 | 1 | 4 |
_aHOSTOS , EUGENIO MARÍA DE, _y1839-1933 |
| 650 | 4 |
_aBIOÉTICA _zAMÉRICA LATINA _xHISTORIA |
|
| 700 | 1 |
_aSantos y Vargas, Leonides, _epról. |
|
| 710 | 2 | _aBiblioteca Nacional Pedro Henríquez Ureña | |
| 830 | 0 | _aFilosofía | |
| 910 | _aValidado. Control de calidad MFF | ||
| 930 | 1 |
_lBND01 _mLF1 _820100311 _f04 _pHD _g11606 _he. 3 |
|
| 930 | 1 |
_lBND01 _mLF1 _820100325 _f04 _pHD _g11606 _he. 4 |
|
| 930 | 1 |
_lBND01 _mLF1 _820100325 _f04 _pHD _g11606 _he. 5 |
|
| 930 | 1 |
_lBND01 _mLF1 _820100311 _f01 _pHD _g11605 |
|
| 930 | 1 |
_lBND01 _mLF1 _820100311 _f01 _pHD _g11605 _he. 2 |
|
| 942 |
_2ddc _cBK |
||
| 945 | _aInventariado, 2017/MFF | ||
| 956 |
_aJPARRA _b10 _c20100311 _lBND01 _h0948 |
||
| 956 |
_aJPARRA _b10 _c20100311 _lBND01 _h0948 |
||
| 956 |
_aIGARCIA _b10 _c20100319 _lBND01 _h1420 |
||
| 956 |
_aBTAVAREZ _b10 _c20100325 _lBND01 _h1129 |
||
| 956 |
_aBTAVAREZ _b10 _c20100325 _lBND01 _h1130 |
||
| 956 |
_aTMEREDITH _b20 _c20100325 _lBND01 _h1519 |
||
| 956 |
_aTMEREDITH _b20 _c20110202 _lBND01 _h0829 |
||
| 999 |
_c7207 _d7207 |
||